000 00242nam a22000857a 4500
008 161111b xxu||||| |||| 00| 0 eng d
100 _91157
_amotihar. h. d
245 _athe wonderful world of insects
260 _anew delhi
_bnational book trust
_c2005
999 _c3817
_d3817